[Event "Erba op 4th"]
[Site "Erba"]
[Date "2010.03.07"]
[Round "4"]
[White "Occhipinti, Massimo"]
[Black "Sullolari, Saip"]
[Result "0-1"]
[WhiteElo "1996"]
[BlackElo "2137"]
[PlyCount "70"]
[EventDate "2010.03.05"]
[EventType "swiss"]
[EventRounds "5"]
[EventCountry "ITA"]
[SourceTitle "EXT 2024"]
[Source "ChessBase"]
[SourceDate "2023.10.10"]
[SourceVersion "1"]
[SourceVersionDate "2023.10.10"]
[SourceQuality "1"]

1. e4 c5 2. Nc3 Nc6 3. g3 g6 4. Bg2 Bg7 5. Nge2 e6 6. 0-0 Nge7 7. d3 0-0 8. h3 d6 9. Bd2 Rb8 10. Qc1 Nd4 11. Nxd4 cxd4 12. Ne2 d5 13. Bh6 dxe4 14. dxe4 e5 15. Bxg7 Kxg7 16. g4 Be6 17. Ng3 Nc6 18. f4 f6 19. f5 Bc4 20. Rf3 Rc8 21. g5 fxg5 22. b3 Bg8 23. Qd2 h6 24. Raf1 g4 25. hxg4 Qg5 26. f6+ Kh8 27. Qxg5 hxg5 28. c3 Be6 29. Bh3 dxc3 30. Rxc3 Nd4 31. Rxc8 Rxc8 32. Rf2 Kg8 33. Nf1 Kf7 34. Nd2 Rc2 35. Bf1 Rxd2 0-1

[Event "Milan Crespi op-A 30th"]
[Site "Milan"]
[Date "2009.12.12"]
[Round "9"]
[White "Sullolari, Saip"]
[Black "Profumo, Alberto"]
[Result "1-0"]
[WhiteElo "2106"]
[BlackElo "2223"]
[PlyCount "129"]
[EventDate "2009.12.05"]
[EventType "swiss"]
[EventRounds "9"]
[EventCountry "ITA"]
[SourceTitle "EXT 2012"]
[Source "ChessBase"]
[SourceDate "2011.11.24"]
[SourceVersion "1"]
[SourceVersionDate "2011.11.24"]
[SourceQuality "1"]

1. e4 c6 2. d4 d5 3. Nd2 dxe4 4. Nxe4 Bf5 5. Ng3 Bg6 6. Nf3 Nd7 7. h4 h6 8. h5 Bh7 9. Bd3 Bxd3 10. Qxd3 e6 11. Bd2 Ngf6 12. 0-0-0 Qc7 13. Qe2 0-0-0 14. Ne5 Nb6 15. Ba5 Rd5 16. Bxb6 axb6 17. c4 Ra5 18. Kb1 Bd6 19. f4 Rd8 20. Ne4 Nxe4 21. Qxe4 Qe7 22. g3 b5 23. cxb5 f5 24. Qf3 Bxe5 25. dxe5 Rxb5 26. Rxd8+ Qxd8 27. Rc1 Rd5 28. Qa3 Kb8 29. Qb4 Rd1 30. Qb3 Qd3+ 31. Qxd3 Rxd3 32. Rg1 Rf3 33. Rg2 Kc7 34. Kc2 Rf1 35. Kd2 c5 36. Ke3 Re1+ 37. Kf3 Rd1 38. g4 fxg4+ 39. Rxg4 Rd2 40. Rxg7+ Kc6 41. Rg2 Rd3+ 42. Ke4 Rd4+ 43. Ke3 Kd5 44. Rg8 Re4+ 45. Kf3 Rb4 46. Rd8+ Kc6 47. Rd6+ Kc7 48. b3 b5 49. Rxe6 c4 50. bxc4 bxc4 51. Rf6 c3 52. Ke2 Rd4 53. Rg6 Rxf4 54. Kd3 Rf3+ 55. Kc2 Rf5 56. Rxh6 Rxe5 57. Kxc3 Re4 58. Rg6 Rh4 59. h6 Kd7 60. Rg7+ Kc6 61. h7 Kd6 62. Kd3 Kc6 63. Ke3 Kb5 64. Kf3 Rh1 65. Kf4 1-0

[Event "Milan Crespi op-A 30th"]
[Site "Milan"]
[Date "2009.12.11"]
[Round "8"]
[White "Garano, Nicola"]
[Black "Sullolari, Saip"]
[Result "1-0"]
[WhiteElo "2189"]
[BlackElo "2106"]
[PlyCount "90"]
[EventDate "2009.12.05"]
[EventType "swiss"]
[EventRounds "9"]
[EventCountry "ITA"]
[SourceTitle "EXT 2012"]
[Source "ChessBase"]
[SourceDate "2011.11.24"]
[SourceVersion "1"]
[SourceVersionDate "2011.11.24"]
[SourceQuality "1"]

1. e4 c5 2. Nf3 d6 3. d4 cxd4 4. Nxd4 Nf6 5. Nc3 a6 6. Be3 e6 7. Be2 Be7 8. 0-0 Qc7 9. f4 0-0 10. Kh1 b5 11. Bf3 Bb7 12. a3 Nbd7 13. Qe1 Nc5 14. e5 dxe5 15. fxe5 Nd5 16. Nxd5 exd5 17. Nf5 Ne4 18. Bxe4 dxe4 19. Bh6 g6 20. Nxe7+ Qxe7 21. Bxf8 Rxf8 22. Qg3 Re8 23. Qf4 Bd5 24. e6 Qxe6 25. Qe3 Rc8 26. Rf2 Kg7 27. Rd1 Bc6 28. Rd4 f5 29. Kg1 Rf8 30. g3 Qe5 31. h4 h6 32. c4 Kh7 33. c5 Rf7 34. b4 Bd5 35. Rfd2 Be6 36. c6 Qc7 37. Rd6 Bc4 38. R2d4 a5 39. bxa5 Qxa5 40. Rd7 Qb6 41. c7 Qc6 42. R4d6 Qb7 43. Rxf7+ Bxf7 44. Rd7 Qc6 45. Rxf7+ Kg8 1-0

[Event "Milan Crespi op-A 30th"]
[Site "Milan"]
[Date "2009.12.10"]
[Round "7"]
[White "Sullolari, Saip"]
[Black "Calella, Sergio"]
[Result "1/2-1/2"]
[WhiteElo "2106"]
[BlackElo "2080"]
[PlyCount "61"]
[EventDate "2009.12.05"]
[EventType "swiss"]
[EventRounds "9"]
[EventCountry "ITA"]
[SourceTitle "EXT 2012"]
[Source "ChessBase"]
[SourceDate "2011.11.24"]
[SourceVersion "1"]
[SourceVersionDate "2011.11.24"]
[SourceQuality "1"]

1. e4 c5 2. Nf3 d6 3. d4 cxd4 4. Nxd4 Nf6 5. Nc3 g6 6. f3 Bg7 7. Be3 0-0 8. Qd2 Nc6 9. Be2 d5 10. Nxc6 bxc6 11. Rd1 Bb7 12. exd5 cxd5 13. Bd4 Re8 14. f4 a6 15. 0-0 Qa5 16. Ne4 Qxd2 17. Nxf6+ Bxf6 18. Rxd2 Bxd4+ 19. Rxd4 Rec8 20. c3 e6 21. Rb4 Bc6 22. Rf2 a5 23. Rb6 Rab8 24. Rxb8 Rxb8 25. Bd3 Kf8 26. Kf1 Ke7 27. Ke1 f6 28. Kd1 e5 29. fxe5 fxe5 30. Kc1 Ke6 31. h4 1/2-1/2

[Event "Milan Crespi op-A 30th"]
[Site "Milan"]
[Date "2009.12.09"]
[Round "6"]
[White "Gori, Andrea"]
[Black "Sullolari, Saip"]
[Result "1-0"]
[WhiteElo "2182"]
[BlackElo "2106"]
[PlyCount "81"]
[EventDate "2009.12.05"]
[EventType "swiss"]
[EventRounds "9"]
[EventCountry "ITA"]
[SourceTitle "EXT 2012"]
[Source "ChessBase"]
[SourceDate "2011.11.24"]
[SourceVersion "1"]
[SourceVersionDate "2011.11.24"]
[SourceQuality "1"]

1. e4 c5 2. Nf3 d6 3. d4 cxd4 4. Nxd4 Nf6 5. f3 e6 6. c4 a6 7. Nc3 b6 8. Be3 Bb7 9. Qd2 Be7 10. Be2 0-0 11. 0-0 Nbd7 12. g4 Ne5 13. g5 Nfd7 14. f4 Nc6 15. Nc2 Re8 16. Rf3 f6 17. h4 Rc8 18. Rg3 Na5 19. b3 Qc7 20. Nd4 Nf8 21. Bg4 Bd8 22. Rd1 Qe7 23. f5 e5 24. Ne6 Nxe6 25. fxe6 Kh8 26. Qxd6 Qxd6 27. Rxd6 Rc6 28. Rd7 Bc8 29. Ra7 Bxe6 30. Bxe6 Rcxe6 31. gxf6 Bxf6 32. Nd5 Nc6 33. Rb7 Nd8 34. Ra7 g6 35. h5 Bg7 36. h6 Bf8 37. Rf3 Be7 38. Nc7 Bc5 39. Bxc5 bxc5 40. Nxe8 Rxe8 41. Rf6 1-0

[Event "Milan Crespi op-A 30th"]
[Site "Milan"]
[Date "2009.12.06"]
[Round "2"]
[White "Sullolari, Saip"]
[Black "Iudicello, Giovanni"]
[Result "1-0"]
[WhiteElo "2106"]
[BlackElo "2179"]
[PlyCount "157"]
[EventDate "2009.12.05"]
[EventType "swiss"]
[EventRounds "9"]
[EventCountry "ITA"]
[SourceTitle "EXT 2012"]
[Source "ChessBase"]
[SourceDate "2011.11.24"]
[SourceVersion "1"]
[SourceVersionDate "2011.11.24"]
[SourceQuality "1"]

1. e4 e5 2. Nf3 Nc6 3. Bb5 a6 4. Ba4 Nf6 5. 0-0 Be7 6. Re1 b5 7. Bb3 d6 8. h3 0-0 9. c3 Na5 10. Bc2 c5 11. d4 Nd7 12. dxe5 dxe5 13. Nbd2 Bb7 14. Nf1 Nc4 15. Ne3 Nxe3 16. Bxe3 Qc7 17. b3 Rfd8 18. Qe2 Bc6 19. Bc1 Nf8 20. Bb2 Ne6 21. g3 Bf6 22. Rad1 Qb7 23. c4 Nd4 24. Bxd4 cxd4 25. Bd3 b4 26. Nh2 g6 27. f4 Bg7 28. Rf1 f6 29. fxe5 fxe5 30. Ng4 Rf8 31. Rxf8+ Rxf8 32. Rf1 Rxf1+ 33. Kxf1 a5 34. Nf2 Qe7 35. h4 Bd7 36. Qf3 Be6 37. Kg2 Qf8 38. Qxf8+ Bxf8 39. Be2 Kf7 40. Bg4 Bxg4 41. Nxg4 Ke6 42. Nf2 h5 43. Kf3 Be7 44. Nd3 Kd6 45. Ke2 Bf6 46. Kd2 g5 47. hxg5 Bxg5+ 48. Ke2 Be7 49. Ne1 Bd8 50. Nf3 Bf6 51. Nh2 Kc6 52. g4 hxg4 53. Nxg4 Bg7 54. Nf2 Kd6 55. Nd3 Bf8 56. Kf3 Ke6 57. Kg4 Be7 58. Nb2 Bf8 59. Kg5 Be7+ 60. Kg6 Bf8 61. Nd3 Bd6 62. Kg7 Ke7 63. Kg6 Ke6 64. Kg5 Be7+ 65. Kg4 Bf8 66. Nb2 Bd6 67. Na4 Be7 68. Kf3 Kd6 69. Ke2 Kc6 70. Nb2 Kd6 71. Nd1 Bh4 72. Nb2 Be7 73. Nd3 Bf8 74. Nf2 Kc6 75. Kd3 Kd6 76. Nh1 Be7 77. Ng3 Kc6 78. Ne2 Bf6 79. Ng1 1-0